[Event "GER-chT U16"]
[Site "Kiel"]
[Date "2022.07.23"]
[Round "2.10"]
[White "Haubold, Henry"]
[Black "Andreas, Bruno"]
[Result "0-1"]
[WhiteElo "963"]
[BlackElo "1490"]
[PlyCount "76"]
[EventDate "2022.07.22"]
[EventType "team-swiss"]
[EventRounds "7"]
[EventCountry "GER"]
[SourceTitle "CBM 209 Extra"]
[Source "ChessBase"]
[SourceDate "2022.09.30"]
[SourceVersion "1"]
[SourceVersionDate "2022.09.30"]
[SourceQuality "1"]
[WhiteTeam "Niederwiesa"]
[BlackTeam "Dresden TU"]
[WhiteTeamCountry "GER"]
[BlackTeamCountry "GER"]

1. c4 c5 2. Nf3 Nf6 3. Nc3 g6 4. g3 Bg7 5. Bg2 0-0 6. e3 Nc6 7. 0-0 d5 8. cxd5 Nxd5 9. Nxd5 Qxd5 10. d4 Qd6 11. dxc5 Qxc5 12. Re1 Rd8 13. Qb3 Na5 14. Qa4 Bd7 15. Qf4 Nc4 16. Ng5 Nd6 17. e4 h6 18. Nf3 e5 19. Qd2 Bc6 20. Nh4 Nf5 21. Qc3 Qxc3 22. bxc3 Nxh4 23. gxh4 Rd3 24. Bb2 Rd2 25. Bc1 Rc2 26. Re3 Rd8 27. h3 Rd1+ 28. Kh2 Rdxc1 29. Rxc1 Rxc1 30. f3 Ra1 31. Re2 Rc1 32. Re3 Rc2 33. a3 Bf8 34. Kg3 Bxa3 35. Bh1 a5 36. f4 exf4+ 37. Kxf4 Bc1 38. Kf3 Bxe3 0-1